Los amantes de Italia / (Record no. 52382)

MARC details
000 -LEADER
campo de control de longitud fija 00795nam a2200265 i 4500
001 - NÚMERO DE CONTROL
campo de control 52382
003 - IDENTIFICADOR DE NÚMERO DE CONTROL
campo de control ES-MaACL
005 - FECHA Y HORA DE LA ÚLTIMA TRANSACCIÓN
campo de control 20250801153400.0
007 - CAMPO FIJO DE DESCRIPCIÓN FÍSICA--INFORMACIÓN GENERAL
campo de control de longitud fija t|
008 - DATOS DE LONGITUD FIJA--INFORMACIÓN GENERAL
campo de control de longitud fija 030828s1972 sp f |||| |dspa d
080 ## - NÚMERO DE LA CLASIFICACIÓN DECIMAL UNIVERSAL
Número de la Clasificación Decimal Universal 945"18"
080 ## - NÚMERO DE LA CLASIFICACIÓN DECIMAL UNIVERSAL
Número de la Clasificación Decimal Universal 929.52 Saboya, Casa de
100 1# - ENTRADA PRINCIPAL--NOMBRE DE PERSONA
Nombre de persona Daudy, Philippe.
9 (RLIN) 42809
245 14 - MENCIÓN DEL TÍTULO
Título Los amantes de Italia /
Mención de responsabilidad, etc. Philippe Daudy ; [versión de Carmen Soler Blanch].
250 ## - MENCION DE EDICION
Mención de edición 1ª ed.
260 ## - PUBLICACIÓN, DISTRIBUCIÓN, ETC.
Lugar de publicación, distribución, etc. Barcelona :
Nombre del editor, distribuidor, etc. Luis de Caralt,
Fecha de publicación, distribución, etc. 1972.
300 ## - DESCRIPCIÓN FÍSICA
Extensión 278 p., 4 lám. ;
Dimensiones 21 cm.
490 1# - MENCIÓN DE SERIE
Mención de serie El amor y la corona
600 34 - PUNTO DE ACCESO ADICIONAL DE MATERIA--NOMBRE DE PERSONA
Nombre de persona Saboya, Casa de.
9 (RLIN) 157121
651 #4 - PUNTO DE ACCESO ADICIONAL DE MATERIA--NOMBRE GEOGRÁFICO
Nombre geográfico Italia-
Subdivisión general Historia-
Subdivisión cronológica S.XIX.
9 (RLIN) 157120
700 1# - ENTRADA AGREGADA--NOMBRE PERSONAL
Nombre de persona Soler Blanch, Carmen.
9 (RLIN) 107168
830 03 - PUNTO DE ACCESO ADICIONAL DE SERIE-TÍTULO UNIFORME
Título uniforme El amor y la corona
9 (RLIN) 230202
852 ## - LOCALIZACIÓN
Ubicación ES-MaACL
Número de control de estantería C-48942
Holdings
Estatus retirado Estado de pérdida Estado de daño No para préstamo Biblioteca de origen Biblioteca actual Ubicación en estantería Fecha de adquisición Fuente de adquisición Total de préstamos Signatura topográfica completa Código de barras Visto por última vez Precio de reemplazo Tipo de ítem Koha
        Biblioteca del Ateneo de Madrid Biblioteca del Ateneo de Madrid Depósito 2 17/01/2008     C-48942 1055063 23/02/2023 23/02/2023 Libro impreso